Welcome to WEB OPAC of MRSPTU Central Library

Modern Architecture details collection : on function, shape and material use (Record no. 5674)

MARC details
000 -LEADER
fixed length control field 00473nam a2200169Ia 4500
008 - FIXED-LENGTH DATA ELEMENTS--GENERAL INFORMATION
fixed length control field 230711s9999||||xx |||||||||||||| ||und||
020 ## - INTERNATIONAL STANDARD BOOK NUMBER
International Standard Book Number 978-988-15680-9-0
041 ## - LANGUAGE CODE
Language code of text/sound track or separate title ENG
082 ## - DEWEY DECIMAL CLASSIFICATION NUMBER
Classification number 720
Item number TA-M
100 ## - MAIN ENTRY--PERSONAL NAME
Personal name TANGART
245 #0 - TITLE STATEMENT
Title Modern Architecture details collection : on function, shape and material use
250 ## - EDITION STATEMENT
Edition statement 1st Ed.
260 ## - PUBLICATION, DISTRIBUTION, ETC.
Date of publication, distribution, etc. 2013
Place of publication, distribution, etc. Tung Chung
Name of publisher, distributor, etc. Tang Art Design & Information Group Limited
300 ## - PHYSICAL DESCRIPTION
Extent 273
650 ## - SUBJECT ADDED ENTRY--TOPICAL TERM
Topical term or geographic name entry element Architecture
942 ## - ADDED ENTRY ELEMENTS (KOHA)
Koha item type Book
Holdings
Withdrawn status Lost status Damaged status Not for loan Collection Home library Current library Date acquired Total checkouts Full call number Barcode Date last seen Price effective from Koha item type
          MRSPTU Central Library MRSPTU Central Library     720 TA-M 30921 08/17/2023 08/17/2023 Book
          MRSPTU Central Library MRSPTU Central Library     720 TA-M 30922 08/17/2023 08/17/2023 Book
          MRSPTU Central Library MRSPTU Central Library     720 TA-M 30923 08/17/2023 08/17/2023 Book

Website Designed and Developed by MRSPTU Central Library Team

E-mail Id: librarian@mrsptu.ac.in